| Tag |
First Indicator |
Second Indicator |
Subfields |
| LEADER |
00000cam a22000008i 4500 |
| 001 |
in00000366556 |
| 005 |
20151011081109.0 |
| 008 |
770831s1977 mau b 00110 eng |
| 010 |
|
|
|a 77013098
|
| 020 |
|
|
|a 0805766928
|
| 035 |
|
|
|a (OCoLC)03275135
|
| 035 |
|
|
|9 ABP9024AM
|
| 040 |
|
|
|a DLC
|c DLC
|d TXA
|d UtOrBLW
|
| 049 |
|
|
|a TXAM
|c [1437384]
|
| 050 |
0 |
0 |
|a PR5467
|b .B4
|
| 082 |
0 |
|
|a 821/.7
|
| 100 |
1 |
|
|a Bernhardt-Kabisch, Ernest,
|d 1934-
|
| 245 |
1 |
0 |
|a Robert Southey /
|c by Ernest Bernhardt-Kabisch.
|
| 264 |
|
1 |
|a Boston :
|b Twayne Publishers,
|c [1977]
|
| 264 |
|
4 |
|c ©1977
|
| 300 |
|
|
|a 198 pages :
|b illustrations, portrait ;
|c 21 cm.
|
| 336 |
|
|
|a text
|b txt
|2 rdacontent
|
| 337 |
|
|
|a unmediated
|b n
|2 rdamedia
|
| 338 |
|
|
|a volume
|b nc
|2 rdacarrier
|
| 490 |
1 |
|
|a Twayne's English authors series ;
|v TEAS 223
|
| 500 |
|
|
|a Includes index.
|
| 504 |
|
|
|a Bibliography: pages 189-191.
|
| 600 |
1 |
0 |
|a Southey, Robert,
|d 1774-1843
|x Criticism and interpretation.
|
| 830 |
|
0 |
|a Twayne's English authors series ;
|v TEAS 223.
|
| 999 |
|
|
|a MARS
|
| 999 |
f |
f |
|s 57eb5a01-9ec9-30f1-a965-51f887ecdbc5
|i d802768a-7e2e-38d2-9447-107250b12a83
|t 0
|
| 952 |
f |
f |
|p ric
|a Texas A&M University
|b Rellis Campus
|c Joint Library Facility
|d Remote Storage
|t 0
|e PR5467 .B4
|h Library of Congress classification
|i unmediated -- volume
|m A14803976493
|
| 998 |
f |
f |
|a PR5467 .B4
|t 0
|l Remote Storage
|